ნორმალური ფორმატი
MARC ფორმატი
ჩანაწერი Personal Name
ჩანაწერთა რაოდენობა, რომელიც გამოყენებულია: 1
001 - CONTROL NUMBER
- control field: 10207
003 - CONTROL NUMBER IDENTIFIER
- control field: GE_BSU
005 - DATE AND TIME OF LATEST TRANSACTION
- control field: 20210223153246.0
008 - FIXED-LENGTH DATA ELEMENTS
- fixed length control field: 210223|| aca||aabn | a|a d
040 ## - CATALOGING SOURCE
- Original cataloging agency: GE_BSU
- Transcribing agency: GE_BSU
100 ## - HEADING--PERSONAL NAME
- Personal name: ნანიტაშვილი, ნიკოლოზ
670 ## - SOURCE DATA FOUND
- Source citation: Work cat.: (GE_BSU)56217: ნანიტაშვილი, ნიკოლოზ, ევროპისა და ამერიკის ქვეყნების უახლესი ისტორია, 1918-1945 წწ. :
